Derecho de menores: procedimientos y formularios

Salvato in:
Dettagli Bibliografici
Autore principale: Ulriksen Ramos, Germán A (Autore)
Natura: Libro
Lingua:spagnolo
Pubblicazione: Santiago La Ley 2002
Soggetti:
Tags: Aggiungi Tag
Nessun Tag, puoi essere il primo ad aggiungerne!!

MARC

LEADER 00000nam a2200000 a 4500
001 UCM2917
003 CL-VaPUC
008 020621e20020000CL |||||||||||||||||spa|d
082 0 4 |a 346.830135  |b ULR  |2 21 
100 0 |a Ulriksen Ramos, Germán A  |e author  |9 469660 
245 1 0 |a Derecho de menores: procedimientos y formularios 
300 |a v 
942 |c BK 
945 |d 20020621 00:00:00  |a vberengu 
260 |a Santiago  |b La Ley  |c 2002 
650 7 |a MENORES  |2 CL-VaPUC  |9 469661 
650 7 |a MENORES LEGISLACION  |2 CL-VaPUC  |9 255363 
650 0 |a Alimentos  |9 256203 
650 0 |a Adopción  |9 255783 
650 7 |a TUICION DE MENORES  |2 CL-VaPUC  |9 383194 
650 0 |a Derecho de visitas  |9 469662 
650 0 |a Filiación  |9 256647 
650 7 |a JUZGADOS DE MENORES  |2 CL-VaPUC  |9 338787 
583 |a last modification  |c 20020621 00:00:00  |k Rodrigo Vera 
999 |c 300533  |d 300531 
952 |0 0  |1 0  |4 0  |6 346_830135000000000_ULR_2002  |7 0  |8 A  |9 358399  |a BIBDER  |b BIBDER  |d 2019-11-21  |h v.1  |i 382215K  |o 346.830135 ULR 2002  |p 382215K  |r 2023-01-25  |w 2019-11-21  |y BK  |k DER 
952 |0 0  |1 0  |4 0  |6 346_830135000000000_ULR_2002  |7 0  |8 A  |9 358400  |a BIBDER  |b BIBDER  |d 2019-11-21  |h v.2  |i 3822168  |o 346.830135 ULR 2002  |p 3822168  |r 2023-01-25  |w 2019-11-21  |y BK  |k DER